000 00539nam a2200205 a 4500
001 10956
003 CO-ViMGA
008 141112s2004 ck r 000 u spa d
020 _a9586552330
040 _aCO-ViMGA
_bspa
_cCO-ViMGA
082 0 4 _aCo863.6 F71hL
100 1 _aFranco Velez, Jorge
_915063
245 1 0 _aHidelbrando
250 _a3
260 _aMedellĂ­n,
_cEditorial universidad de Antioquia,
_c1996
300 _a400 p.
650 1 4 _aNOVELA COLOMBIANA
_91193
650 1 4 _aVIDA COTIDIANA - NOVELA
_915064
942 _2ddc
_cBK
999 _c22175
_d22175